Top 4 most important countries at these things - Statistics

General Stats
  • This quiz has been taken 46 times
    42 since last reset
  • The average score is 20 of 60
Answer Stats
Subjects/things Rank Top 4 best Countries at those things % Correct
Millitary 1 United States
100%
2 China
97%
3 Russia
84%
4 United Kingdom
81%
History 1 Italy
70%
4 France | Egypt
57%
2 Greece
54%
Sports 1 United States
51%
3 United Kingdom
46%
2 United States
46%
Trade 1 United Kingdom
43%
Inventions 1 United Kingdom
43%
Wealth (now) 1 United States
43%
Technology 1 United States
41%
2 China
38%
Space discoveries 1 United States | Russia
38%
4 Canada | Netherlands | China
35%
2 China
35%
2 China
35%
Civilization 1 Greece | Egypt
35%
4 United Kingdom
35%
Agriculture 1 United States
35%
4 China
32%
2 Netherlands | France
32%
3 Germany
30%
4 Japan
30%
4 Japan | United States
30%
3 Soviet Union | Russia
30%
Discoveries/ archaeology 1 United Kingdom
30%
2 United States
30%
4 China
27%
2 Japan
27%
4 Netherlands | Sweden | China
27%
4 United Kingdom
27%
4 China
24%
4 Germany
24%
Democracy 1 Greece
24%
2 Italy
24%
4 Russia
24%
3 United Kingdom
24%
2 United Kingdom | Netherlands
24%
2 West Germany
24%
4 China
22%
4 China
22%
3 Germany
22%
2 Italy
22%
Architecture style 1 Greece | Egypt
19%
3 India
19%
Infrastructure 1 Italy
19%
3 Japan
19%
3 Germany
16%
2 Iraq
16%
3 South Korea
16%
Wealth (all time) 1 Netherlands
14%
3 Spain
14%
3 Spain
14%
3 Israel
8%
3 Switzerland
8%
3 New Zealand
5%
2 Iceland
0%
No matching quizzes found
Score Distribution
Percent of People with Each Score
Percentile by Number Answered
Your Score History
You have not taken this quiz since the last reset